Ancient political thought (Record no. 6358)

MARC details
000 -LEADER
fixed length control field 00454cam a2200193ua 4500
001 - CONTROL NUMBER
control field 7238
005 - DATE AND TIME OF LATEST TRANSACTION
control field 20260515114156.0
008 - FIXED-LENGTH DATA ELEMENTS--GENERAL INFORMATION
fixed length control field 141204n ii |||gr||||Z||||||eng
040 ## - CATALOGING SOURCE
Transcribing agency MAIN
041 ## - LANGUAGE CODE
Language code of text/sound track or separate title eng
082 ## - DEWEY DECIMAL CLASSIFICATION NUMBER
Classification number 320
100 ## - MAIN ENTRY--PERSONAL NAME
Personal name Rao, V. V.,
Relator term Author.
245 1# - TITLE STATEMENT
Title Ancient political thought
Statement of responsibility, etc. By V. Venkata Rao
250 ## - EDITION STATEMENT
Edition statement 9th rev.
260 ## - PUBLICATION, DISTRIBUTION, ETC.
Place of publication, distribution, etc. New Delhi:
Name of publisher, distributor, etc. S. CHand,
Date of publication, distribution, etc. 1980.
300 ## - PHYSICAL DESCRIPTION
Extent 174p.
653 ## - INDEX TERM--UNCONTROLLED
Uncontrolled term Political thought
942 ## - ADDED ENTRY ELEMENTS (KOHA)
Koha item type Books
Holdings
Withdrawn status Lost status Damaged status Not for loan Home library Current library Shelving location Date acquired Total checkouts Full call number Barcode Date last seen Copy number Price effective from Koha item type
        Naharkatiya College Library Naharkatiya College Library General stacks 09/19/2020   320.5 | RAO 1322 09/19/2020 1 09/19/2020 Books